00601nam a2200193 a 450000100060000000300090000600800410001502000150005604000280007108200160009911000820011524500370019726000250023430000160025949000510027565000300032665000240035665000270038010299CO-ViMGA141112s2004 ck r 000 u spa d a9253030135 aCO-ViMGAbspacCO-ViMGA04a633.15 O74m aOrganizaciones de las Naciones Unidas para la Agricultura y la Alimentación10aEl Maiz en la nutrición humana aRoma : bFAO, c1993 a172p. : il. aColección FAO : Alimentación y nutrición14aMAIZ - ANALISIS - QUIMICA14aMAIZ - MEJORAMIENTO14aMAIZ - VALOR NUTRITIVO